Fußball EM-Sieger - Statistiken

Allgemein
  • Dieses Quiz wurde 292 mal gespielt
  • Das Durchschnittsergebnis liegt bei 10 aus 17
Antwortstatistiken
Hint Antwort % Korrekt
2024 Spanien
93%
2016 Portugal
88%
2020 Italien
87%
2012 Spanien
83%
2008 Spanien
79%
2004 Griechenland
76%
1996 Deutschland
75%
2000 Frankreich
72%
1972 Deutschland
59%
1980 Deutschland
56%
1992 Dänemark
53%
1968 Italien
44%
1964 Spanien
41%
1984 Frankreich
40%
1988 Niederlande
40%
1960 Russland
33%
1976 Tschechien
22%
Keine übereinstimmenden Quizze gefunden
Verteilung der Resultate
Anzahl Personen mit jedem Resultat
Perzentil nach korrekt beantworteten Fragen
Ihre Resultats-Entwicklung
Sie haben dieses Quiz noch nicht gespielt